000 00713nam a2200205 a 4500
001 000010357
005 20260305073958.0
008 091006s1982 dr a 000 p spa d
040 _aDO-SdBNP
082 _aRD861.44
_bG377i
100 1 _aGerón, Candido,
_d1948-
_93577
245 1 3 _aEl invencible de los tiempos /
_cCandido Gerón ; prólogo Alberto Baeza Flores ; portada Ramón Oviedo.
260 _aSanto Domingo :
_bMalespin,
_c1982.
300 _a83 p. :
_bil. ;
_c21 cm.
500 _aIncluye datos biográficos del autor en la contracubierta.
650 0 _aPoesía dominicana
_966
650 0 _aLiteratura dominicana.
_967
700 1 _aBaeza Flores, Alberto,
_d1914-1998
_epról.
_97565
049 _aBNPD
999 _c10116
_d10116